Sobranije sočinenij S. T. Aksakova V dvuch tomach Tom. 2

Bibliographic Details
Main Author: Aksakov, Sergej Timofejevič, 1791-1859 (Author)
Format: Book
Language:Russian
PhysicalDescription:1564 stĺp. 8°
Published: Moskva A. A. Karcev 1909

MARC

LEADER 00000nam a2200000 a 4500
001 vtls001269865
003 SK-MaSNL
005 20260301113131.0
008 240318s1909 RU 0 rus
035 |a SNK000220933 
040 |a SNK  |b slo  |c SNK  |e AACR2 
041 0 |a rus 
044 |a RU 
100 1 |a Aksakov, Sergej Timofejevič,  |d 1791-1859  |4 aut  |9 166656 
245 1 0 |a Sobranije sočinenij S. T. Aksakova  |c Sergej Timofejevič Aksakov  |b V dvuch tomach  |n Tom. 2 
260 |a Moskva  |b A. A. Karcev  |c 1909 
300 |a 1564 stĺp.  |c 8° 
958 |a RK 
999 |c 712889  |d 714819 
952 |t P60, <04>, [BOOK], {604}  |a SNK  |b SNK  |y VYP  |7 0  |o snkIB 259/2  |i snk2905/35  |0 0  |1 0  |4 0  |d 1996-12-11  |l 0  |r 2005-01-01 00:00:00  |w 2026-02-23